Регионална библиотека "Любен Каравелов" - Русе

Съкровищата на Дяволската планина (Запис номер 206573)

MARC детайли
000 -Лидер
Контролно поле с фиксирана дължина 00985nam a2200277 c 4500
003 - Код на организацията, давaща контролен номер
Контролно поле BLK
005 - Дата и час на последна редакция
Контролно поле 20210405155239.0
008 - Елементи от данни с фиксирана дължина
fixed length control field 180411b bul|||||r ||||||| ||bul||
010 ## - Наследен системен номер
LC control number KNG00216323000
040 ## - Източник на каталожния запис
Идентификатор на билиотеката - собственик на записа BLK
041 ## - Код за език
Код за езика на текст/звукозапис или на отделно заглавие Български
Код за езика КДБФ Български
080 ## - УДК
Текстов определител УДК Българска литература
УДК код - определител по УДК 821.163.2
УДК определител -31
УДК - код + определител 821.163.2-31
100 1# - Редна дума - Автор
Автор Христофоров, Любен Василев
Авторска отговорност първи автор
R(LIN) 274479
139 ## - Редно поле
Редна дума Христофоров, Любен Василев
Авторски знак Христоф - Х 86
245 10 - Сведения за заглавието
Заглавие Съкровищата на Дяволската планина
Подзаглавни данни Роман
Редно поле (дума) Любен Василев Христофоров.
250 ## - Област на изданието
Сведения за изданието 3. изд.
257 ## - Страна на издаване
Страна на създаване/издаване България
260 ## - Област на издателските данни
-- Пловдив
Име на издателя, разпространителя и проч. Христо Г. Данов
Година на издаване 1986
300 ## - Физическа характеристика
Страници 295 с.
Размери/Мащаб 21 см
380 ## - Жанр
Жанр Худож. лит.
852 ## - Местоположение
Форматна сигнатура Цб 144762
856 4# - Електронен адрес и достъп
Електронен формат pdf - файл
Път до файла /url/
856 4# - Електронен адрес и достъп
Електронен формат pdf - файл
Път до файла /url/
942 ## - АРТИКУЛИ
Вид на библиотечния материал Книги
Скрит в OPAC Не
Koha issues (borrowed), all copies 2
944 ## - СЪЗДАВАНЕ И РЕДАКЦИЯ на ЗАПИСА
Създаване/Редакция Създаване
Дата на регистрацията/редакция 23.02.2018
Служител, извършил регистрацията/редакцията Теодора_Стоянова
944 ## - СЪЗДАВАНЕ И РЕДАКЦИЯ на ЗАПИСА
Създаване/Редакция Редакция
Дата на регистрацията/редакция 23.02.2018
Служител, извършил регистрацията/редакцията Теодора_Стоянова
999 ## - СИСТЕМНИ КОНТРОЛНИ НОМЕРА
Koha biblionumber 206573
Koha biblioitemnumber 206573
Наличности
Код за отписване Код за изгубен артикул Източник на класификационната схема Код за повреда Коз за рестрикции Код за отдаване Артикулен № Име на библиотеката - собственик Име на библиотеката, в която се намира в момента Статус (Текущо местоположение) Дата на вписване в системата Местоположение - отдел Цена в лева Инвентарен номер Систематично азбучна сигнатура Баркод Номер на екземпляра Цена в евро Служебна бележка Служебен тип на артикула
  Не е изгубен Universal Decimal Classification Не е повреден без рестрикции ползва се в читалня 355704 Регионална библиотека "Любен Каравелов" Русе Регионална библиотека "Любен Каравелов" Русе Хранилище 1986-01-01 Хранилище 1.81 457718 Цб 144762 120000457718 1 0.93 Вид: Сф Дата: 01.01.1986 Книги
Изтеглен Не е изгубен Universal Decimal Classification Не е повреден без рестрикции заемане за дома 355705 Регионална библиотека "Любен Каравелов" Русе Регионална библиотека "Любен Каравелов" Русе Заемна - подръчен фонд 1986-01-01 Заемна - подръчен фонд 1.81 459844 П 886.7-32/Х 86 459844 2 0.93 Вид: Сф Дата: 01.01.1986 Дата инв: 23.02.2018 Бележки инв: П2018 Книги
Изтеглен Не е изгубен Universal Decimal Classification Не е повреден без рестрикции заемане за дома 355706 Регионална библиотека "Любен Каравелов" Русе Регионална библиотека "Любен Каравелов" Русе Заемна - подръчен фонд 1986-01-01 Заемна - подръчен фонд 1.81 459847 П 886.7-32/Х 86 459847 3 0.93 Вид: Сф Дата: 01.01.1986 Дата инв: 23.02.2018 Бележки инв: П2018 Книги
Vip Innovations Ltd, Rousse, Bulgaria 2025